1721 1035 1621 1357 1235 1839 1403 1682 1368 1457 1282 1351 1737 1901 1687 1147 1836 1924 1948 1793 1133 1285 1914 1066 1094 1197 1716 1607 1974 1746 1154 1067 1077 1447 1272 1207 1871 1942 1461 1065 1532 1932 1811 1700 1045 1444 1340 1189 1503 1442 1877 1181 1142 1532 1130 1158 1861 1910 1629 1456 1055 1874 1412 1812 1700 1690 1904 1325 1994 1648 1455 1786 1897 1988 1304 1199 1343 1755 1135 1670 1821 1412 1230 1770 1594 1348 1224 1364 1830 1647 1795 1494 1918 1894 1816 1888 1924 1361 1036 BCNSPRNW ULIB Ver.6.0+V

เปลี่ยนเป็นภาษาไทย

Change to English
 แสดงรายละเอียดบรรณานุกรม
  กลับหน้าหลัก

Brief Record : Get Marc (ISO 2709) : E-mail record : QR code < ปิดหน้าต่าง
LEADER : 00000nam 2200000uu 4500
001    13399112433
003     ULIB
008    110815s||||||||th 000 0 tha d
020    9746251228
040    cl
050  4 HF5734^bก781ก มปป.
100 0  เกษกานดา สุภาพจน์
245 10 การจัดสัมมนา /^cเกษกานดา สุภาพจน์
250    พิมพ์ครั้งที่ 1
260    กรุงเทพฯ :^bศูนย์ส่งเสริมวิชาการ,^cมปป.
300    198, [2] : ^bภาพประกอบ ;^c26 ซม.
650  4 การประชุม
945    ^p120^l0^i022107
945    ^p120^l0^i022108
995    ทศพร
999 ^a ทศพร
รายการนี้ยังไม่มีแท็ก
คุณยังไม่ได้ล็อกอิน คุณสามารถมีกิจกรรมร่วมกับเว็บไซต์ได้ แต่ต้องล็อกอินก่อน ::
  ล็อกอิน

รายการสื่อสารสนเทศ

ลำดับที่ ประเภท เลขเรียก/บาร์โค้ด สถานที่ สถานะ
- ไม่พบข้อมูล -

รายการใกล้เคียง
    ผู้แต่ง [เกษกานดา สุภาพจน์]

    หัวเรื่อง [การประชุม]

BibComment


ยังไม่เคยถูกคอมเมนท์

คอมเมนท์ทรัพยากรรายการนี้
  คอมเมนท์: การจัดสัมมนา เกษ..


 Copyright 2026. Bcnsprnw @Library